| 000 | 01081nac a22003617a 4500 | ||
|---|---|---|---|
| 001 | BR2015004912 | ||
| 003 | BR-BrBNA | ||
| 005 | 20240105124022.0 | ||
| 008 | 230509b bl.|||m| |||| 00| 0 por d | ||
| 040 |
_aBR-BrBNA _bpor _cBiblioteca Nacional de Agricultura |
||
| 072 | _aA50; F30; F08 | ||
| 090 | _a0337 BR2015004912 | ||
| 100 | 1 | _aCarvalho, C.G.P. de | |
| 100 | 1 | _aSilva, M.F. da | |
| 100 | 1 | _aAmabile, R.F. | |
| 100 | 1 | _aGodinho, V. de P.C. | |
| 100 | 1 | _aOliveira, A.C.B. de | |
| 100 | 1 | _aCarvalho, H.W.L. de | |
| 100 | 1 | _aRamos, N.P. | |
| 100 | 1 | _aRibeiro, J.L. | |
| 110 | 1 | _aEMBRAPA Soja, Londrina, PR (Brasil) | |
| 245 | 1 | _aInformes da avaliação de genótipos de girassol 2012/2013 e 2013 | |
| 260 | 3 |
_aLondrina, PR (Brasil): _c2014. |
|
| 300 | _a105 p. | ||
| 490 |
_aDocumentos - EMBRAPA Soja (Brazil) _vno. 355 _xISSN 1516-781X |
||
| 500 | _a80 tables | ||
| 650 | _aGIRASSOL | ||
| 650 | _aGENÓTIPO | ||
| 650 | _aPESQUISA AGRÍCOLA | ||
| 650 | _aCULTIVO ANUAL | ||
| 909 |
_a202312 _bLúcia Elande _c55 _dLúcia Elande |
||
| 942 |
_2AGRIS _n0 _cMS |
||
| 999 |
_c298003 _d298003 |
||